000 00681nam a2200205 4500
003 OSt
005 20240725055100.0
006 a
008 240725b |||||||| |||| 00| 0 eng d
020 _a9710388608
040 _aDWCL-Main lib.
_cOC
082 _aFil. 941 G216p 2009
100 _aGarcia, Calito D.
245 _aThe Filipinos and their struggles for freedom and survival: a textbook in Philippine history for collefe students /
260 _aMandaluyong City :
_bBooks Atbp. Pub. Corp.,
_cc2009.
300 _axii,
_b 250 p. : ill. ;
_c26 cm.
504 _aIncludes bibliographical references.
650 _a1. Philippines - History.
942 _2ddc
_n0
_cBK - FIL
_kFil.
999 _c2727
_d2727